000 01469cam a22003734a 4500
001 12975
003 BD-RjUL
005 20211208235402.0
008 140130s2006 cau b 001 0 eng
020 _a1412914078 (cloth)
020 _a1412914086 (pbk.)
035 _a(BD-RjUL)13025
040 _aDLC
_cDLC
_dDLC
_dBD-RjUL
_beng
041 _aeng
082 0 0 _a361
_222
_bCOI 2006
100 1 _aCox, David R.
_q(David Ray)
_940440
245 1 0 _aInternational social work :
_bissues, strategies, and programs /
_cDavid Cox, Manohar Pawar.
260 _aThousand Oaks, Calif. :
_bSAGE Publications,
_cc2006.
300 _axiii, 415 p. ;
_c26 cm.
504 _aIncludes bibliographical references p. (383-399) and index.
650 0 _aSocial service
_xCross-cultural studies.
_940441
650 0 _aSocial problems
_xCross-cultural studies.
_940442
650 0 _aHuman services
_xCross-cultural studies.
_940443
650 0 _aGlobalization.
_940444
650 0 _aSocial change.
_940445
650 0 _aSocial work education.
_917875
700 1 _aPawar, Manohar S.
_940446
856 4 1 _3Table of contents only
_uhttp://www.loc.gov/catdir/toc/ecip0512/2005012706.html
856 4 2 _3Publisher description
_uhttp://www.loc.gov/catdir/enhancements/fy0658/2005012706-d.html
856 4 2 _3Contributor biographical information
_uhttp://www.loc.gov/catdir/enhancements/fy0734/2005012706-b.html
942 _2ddc
_cBK
_01
999 _c12975
_d12975